000 00588nam a2200193Ia 4500
005 20250423100919.0
008 250422s9999 xx 000 0 und d
020 _a9788123922553
050 _aRD 27.7 .S57/
100 _aShrotri, Nishikant.
245 0 _aShrotri’s surgical principles in obstetrics and gynaecology
250 _a8th ed.
260 _aNew Delhi
260 _bCBS Publishers & Distributors Pvt Ltd.
260 _c2015
300 _a370 p
650 _aInformed consent (Medical law)--Handbooks, manuals, etc. Surgery--Handbooks, manuals, etc.
942 _cBK
999 _c34724
_d34724